| 000 | 01567nam a22002657a 4500 | ||
|---|---|---|---|
| 001 | 2854 | ||
| 005 | 20240117153002.0 | ||
| 020 | _a9780545163484 | ||
| 040 |
_aDLC _cDLC _dDLC _beng |
||
| 050 | 0 | 0 |
_aQK929.M23 _b 2008 |
| 082 | 0 | 0 | _a581.467 |
| 100 | 1 |
_aMacken, JoAnn Early _d1953- |
|
| 245 | 1 | 0 |
_aFlip, float, fly : _bseeds on the move / _cby JoAnn Early Macken ; illustrated by Pam Paparone |
| 250 | _aFirst Scholastic printing , April 2009 | ||
| 260 |
_aNew York : _bScholastic ; _c2008 |
||
| 300 |
_a28 unnumbered pages : _bcolor illustrations ; _c24 cm. |
||
| 505 | _aK | ||
| 520 | _aExplore how seeds travel from the plants they form on to the places they'll grow! Spinning like a shiny green helicopter, a maple seed floats on the wind. Where will it land? Seeds splash away in raindrops, slide across the snow, and hitch rides on birds and animals--and even people's clothing. For anyone who's ever blown the fluff of a dandelion and wondered where it went, this is the perfect introduction to plant life cycles and seed dispersals for young readers. The simple, poetic text is paired with detailed illustrations and close-ups of seeds, pods, and other parts of plants. A brief illustrated glossary and a note on why seeds travel so far is included. Perfect for fans of Gail Gibbons' From Seed to Plant. | ||
| 521 |
_a520
_bLexile |
||
| 521 |
_aK
_bRaz-Plus |
||
| 650 | 0 |
_aSeeds _xDispersal _vJuvenile literature. |
|
| 700 | 1 |
_aPaparone, Pamela _eillustrator |
|
| 906 |
_a7 _bcbc _corignew _d1 _eecip _f20 _gy-gencatlg |
||
| 942 |
_2ddc _cBK _n0 |
||
| 999 |
_c2854 _d2854 |
||